| 000 | 01262nam a22002417a 4500 | ||
|---|---|---|---|
| 999 |
_c8925 _d8925 |
||
| 003 | AR-CdUCM | ||
| 008 | 190327b ||||| |||| 00| 0 spa d | ||
| 040 |
_aMUNICIPALIDAD PROVINCIAL DEL CUSCO _cBIBLIOTECA MUNICIPAL DEL CUSCO |
||
| 041 | _heng | ||
| 082 |
_a423.6 / _bG24 |
||
| 100 |
_aGarcía-Pelayo y Gross, Ramón _924786 |
||
| 245 |
_aLarousse : _bDiccionario Universal English Spanish / |
||
| 260 |
_aLima : _bEditora de Publicaciones Gente, _c1990. |
||
| 300 |
_a26 tomos : _c18 cm. |
||
| 500 | _aDiccionario completamente en ingles con significados en español Texto a dos columnas. libro dañado tapa gastada por el uso directo para taller | ||
| 505 | _aContenido: t.1. A-Anti -- t.2. Ant-Blo -- t.3. Blo-Coj -- t.4 Coj-Cho -- t.5. Cho-Dil -- t.6. Dil- Esc -- t.7. Esc-Gig -- t.8 Gig-Int -- t.9. Int-Mat -- t.10. Mat-Pec -- t.11. Pec-Rec -- t.12. Rec-Ter -- t.13. Ter-Zut -- t.14. A-Bugs -- t.15. Bui-Dec -- t.16. Dec-Fin -- t.17. Fin-Hig -- t.18. Hig-Lan -- t.19. Lan-Mon -- t.20. Mon-Pay -- t.21. Pay-Pur -- t.23. Rol-Sho -- t.24. Sho-Suf -- t.25. Suf-Und -- t.26. Und-Zyg. | ||
| 650 |
_aLenguaje español _924787 |
||
| 650 |
_aDiccionario _95196 |
||
| 650 |
_aEspañol _97869 |
||
| 650 |
_aIngles _97365 |
||
| 942 |
_2ddc _cLIBROS |
||
| 945 | _apjha | ||